[Event "American Zonal 2_5 Open"]
[Site "Montevideo, URU"]
[Date "2013.04.20"]
[Round "3.19"]
[White "Pinero, Ismael"]
[Black "Magaldi, Nelson"]
[Result "1/2-1/2"]
[WhiteElo "1883"]
[BlackElo "2084"]

1. e4 e5 2. Nf3 Nc6 3. Bb5 a6 4. Ba4 b5 5. Bb3 Be7 6. c3 d6 7. d3 Na5 8. Bc2
c5 9. O-O Nf6 10. Qe2 Qc7 11. Re1 O-O 12. Nbd2 Rb8 13. Nf1 Nc6 14. Ne3 Bd7
15. Nd5 Qd8 16. h3 Be6 17. Nxe7+ Nxe7 18. Be3 Ng6 19. d4 Qc7 20. d5 Bd7 21. Nd2
Rfc8 22. Kh2 c4 23. g3 b4 24. cxb4 Rxb4 25. Reb1 c3 26. bxc3 Qxc3 27. Bd3
Rxb1 28. Rxb1 a5 29. Nb3 Qc7 30. Rc1 Qd8 31. Rxc8 Bxc8 32. Bd2 Qd7 33. Qf1 Qa4
34. Qb1 Qd7 1/2-1/2

[Event "American Zonal 2_5 Open"]
[Site "Montevideo, URU"]
[Date "2013.04.20"]
[Round "3.23"]
[White "Ruggiero, Alvaro"]
[Black "Ibanez, Marcelo"]
[Result "0-1"]
[WhiteElo "1983"]
[BlackElo "1879"]

1. e4 c5 2. Nc3 Nc6 3. f4 e6 4. Bc4 d6 5. Nf3 Nf6 6. d3 Be7 7. O-O O-O 8. a3
a6 9. Qe1 d5 10. Ba2 Nd4 11. Nxd4 cxd4 12. Nd1 dxe4 13. dxe4 b5 14. Nf2 Bb7
15. Bd2 Qb6 16. Rd1 Qc6 17. c3 dxc3 18. Bxc3 Nxe4 19. Nxe4 Qxe4 20. Qg3 Qg6
21. Qh3 Rad8 22. Bb1 f5 23. Ba2 Rxd1 24. Rxd1 Rd8 25. Rxd8+ Bxd8 26. Qg3 Kf7
27. Qxg6+ hxg6 28. Bd2 Bf6 29. Bc1 Ke7 30. g3 Kd6 31. Kf2 Bd5 32. Bb1 Kc5 33.
Ke2 Bc4+ 34. Kf3 a5 35. g4 Bb3 36. g5 Bd4 37. Be3 Kc4 38. Bxd4 Kxd4 39. Ke2 b4
40. axb4 axb4 41. Kd2 Bc4 42. Bc2 b3 43. Bd1 Bd5 44. Be2 Ke4 45. h4 Kxf4 46.
Kc3 e5 47. Kb4 e4 48. Kc5 Ke5 49. h5 gxh5 0-1

[Event "American Zonal 2_5 Open"]
[Site "Montevideo, URU"]
[Date "2013.04.20"]
[Round "3.25"]
[White "Marrero, Javier"]
[Black "Solari, Pablo"]
[Result "1/2-1/2"]
[WhiteElo "1881"]
[BlackElo "1703"]

1. c4 Nf6 2. Nf3 b6 3. g3 Bb7 4. Bg2 e6 5. b3 c5 6. Bb2 Be7 7. O-O O-O 8. d3
Qc7 9. Nbd2 Nc6 10. a3 d5 11. Rc1 Qd7 12. Rc2 Rac8 13. Qa1 Rfd8 14. Ne5 Nxe5
15. Bxe5 Ne8 16. Rfc1 Bf6 17. b4 Qe7 18. bxc5 Qxc5 19. Bxf6 Nxf6 20. Nb3 Qe7
21. c5 bxc5 22. Nxc5 Rc7 23. Nxb7 Rxc2 24. Rxc2 Qxb7 25. Qc1 h6 26. Rc7 Qa6
27. Qc5 Rd7 28. Rc8+ Kh7 29. Qc2 e5 30. d4+ e4 31. a4 Qb6 32. Rc5 Rb7 33. Rb5
Qc7 34. Qxc7 Rxc7 35. Bh3 g5 36. Bf5+ Kg7 37. Ra5 Kf8 38. Ra6 Ke7 39. Kg2 h5
40. e3 Ne8 41. Ra5 Nf6 42. Rc5 Kd6 43. Rxc7 Kxc7 44. f3 Kb6 45. fxe4 dxe4 46.
h3 Ka5 47. Kf2 Kxa4 48. d5 Kb5 49. d6 Kc6 50. d7 Nxd7 51. Bxe4+ Kc5 52. Bf3
Nf6 53. Bd1 g4 54. hxg4 hxg4 55. Bc2 a5 56. Ke2 Kb4 57. e4 a4 58. e5 Nd7 59.
Be4 a3 60. Bd5 Nxe5 61. Ba2 Kc3 62. Ke3 Kb2 63. Bd5 a2 64. Bxa2 Kxa2 65. Kf4
f6 66. Kf5 Nc4 67. Kxg4 Ne3+ 68. Kf4 Nf1 69. Kf5 Nxg3+ 1/2-1/2

[Event "American Zonal 2_5 Open"]
[Site "Montevideo, URU"]
[Date "2013.04.21"]
[Round "4.1"]
[White "Vasquez Schroeder, Rodrigo"]
[Black "Flores, Diego"]
[Result "1/2-1/2"]
[WhiteElo "2547"]
[BlackElo "2600"]

1. d4 Nf6 2. c4 e6 3. Nf3 c5 4. d5 exd5 5. cxd5 d6 6. Nc3 g6 7. h3 Bg7 8. e4
O-O 9. Bd3 a6 10. O-O b5 11. Bf4 Re8 12. Re1 Ra7 13. a3 Rae7 14. Qd2 Nh5 15.
Bh2 Qb6 16. b4 Nd7 17. Rac1 c4 18. Bb1 Ne5 19. Nxe5 dxe5 20. Qe3 Qxe3 21.
fxe3 Rd8 22. Bc2 Bf8 23. Rf1 Rd6 1/2-1/2

[Event "American Zonal 2_5 Open"]
[Site "Montevideo, URU"]
[Date "2013.04.21"]
[Round "4.2"]
[White "Felgaer, Ruben"]
[Black "Rodriguez Vila, Andres"]
[Result "1-0"]
[WhiteElo "2585"]
[BlackElo "2503"]

1. d4 e6 2. e4 d5 3. Nc3 dxe4 4. Nxe4 Be7 5. Nf3 Nd7 6. Bd3 Ngf6 7. Qe2 Nxe4
8. Qxe4 Nf6 9. Qe2 O-O 10. Bd2 b6 11. O-O-O Bb7 12. c3 Qd5 13. Kb1 Qh5 14.
Rhg1 Bxf3 15. gxf3 Rad8 16. Rg5 Qh4 17. Rdg1 g6 18. R5g3 Qh5 19. Bg5 Nd5 20. c4
Bd6 21. Rg4 Bxh2 22. Rh1 Nb4 23. Rg2 Rxd4 24. Rhxh2 Qxh2 25. Rxh2 Nxd3 26.
Qe3 1-0

[Event "American Zonal 2_5 Open"]
[Site "Montevideo, URU"]
[Date "2013.04.21"]
[Round "4.3"]
[White "Alonso, Salvador"]
[Black "Mareco, Sandro"]
[Result "1-0"]
[WhiteElo "2521"]
[BlackElo "2580"]

1. e4 c5 2. Nf3 d6 3. d4 cxd4 4. Nxd4 Nf6 5. Nc3 a6 6. h3 e5 7. Nb3 Be6 8.
Be3 Be7 9. Qf3 O-O 10. O-O-O b5 11. g4 b4 12. Nd5 Nxd5 13. exd5 Bc8 14. Bd3 a5
15. Kb1 Ba6 16. h4 Qc7 17. Qe4 Bxd3 18. cxd3 Nd7 19. Rc1 Qb7 20. Bg5 f6 21.
Be3 a4 22. Nd2 f5 23. gxf5 Nf6 24. Qg2 a3 25. Rhg1 Rf7 26. b3 Qxd5 27. Qxd5
Nxd5 28. Ne4 Rxf5 29. Bg5 Bf8 30. Rc6 Re8 31. Rg2 Re6 32. Bd2 Nf4 33. Rg5 Rxg5
34. Nxg5 Rg6 35. Bxb4 Nxd3 36. Bxa3 Nxf2 37. b4 h6 38. b5 hxg5 39. b6 gxh4
40. b7 h3 41. b8=Q h2 42. Rc1 Rg1 43. Qb3+ d5 44. Qxd5+ Kh7 45. Bxf8 Rxc1+ 46.
Kxc1 h1=Q+ 47. Qxh1+ Nxh1 48. a4 Ng3 49. Kc2 Ne2 50. Bc5 Nf4 51. a5 Nd5 52.
Kd3 {Tiempo} 1-0

[Event "American Zonal 2_5 Open"]
[Site "Montevideo, URU"]
[Date "2013.04.21"]
[Round "4.4"]
[White "Almiron, Antonio"]
[Black "Bachmann, Axel"]
[Result "1/2-1/2"]
[WhiteElo "2194"]
[BlackElo "2529"]

1. e4 e5 2. Nf3 Nc6 3. Bc4 Bc5 4. c3 Nf6 5. d3 d6 6. h3 a6 7. Bb3 Ba7 8. Nbd2
Ne7 9. Nf1 Ng6 10. Ng3 O-O 11. O-O Re8 12. Ng5 d5 13. exd5 h6 14. N5e4
1/2-1/2

[Event "American Zonal 2_5 Open"]
[Site "Montevideo, URU"]
[Date "2013.04.21"]
[Round "4.6"]
[White "Vazquez, Guillermo"]
[Black "Daneri, Martin"]
[Result "1-0"]
[WhiteElo "2351"]
[BlackElo "2135"]

1. e4 e6 2. d4 d5 3. Nd2 c5 4. Ngf3 Nf6 5. exd5 Qxd5 6. Bc4 Qd6 7. O-O cxd4
8. Nb3 Nc6 9. Re1 Bd7 10. g3 Qc7 11. Nfxd4 Nxd4 12. Qxd4 Rc8 13. Bd3 b6 14. a4
Be7 15. Bf4 Qb7 16. a5 O-O 17. axb6 Qxb6 18. Be5 Rfd8 19. Ra6 Qb7 20. Rxa7
Qf3 21. Qf4 Qh5 22. Qh4 Qxh4 23. gxh4 Nd5 24. h5 f6 25. Bg3 f5 26. c4 Bb4 27.
Rd1 Nf6 28. h6 g5 29. Bc7 Re8 30. Be5 Ng4 31. Bg7 Bc6 32. h3 Bf3 33. Rda1
Red8 34. Bf1 Bd1 35. hxg4 Bxb3 36. Bf6 Rd1 37. Rg7+ Kf8 38. Rxd1 Bxd1 39. Rxh7
Rc6 40. Rb7 1-0

[Event "American Zonal 2_5 Open"]
[Site "Montevideo, URU"]
[Date "2013.04.21"]
[Round "4.7"]
[White "Coppola, Claudio"]
[Black "Larrea, Manuel"]
[Result "1/2-1/2"]
[WhiteElo "2173"]
[BlackElo "2308"]

1. d4 d6 2. c4 g6 3. Nc3 Bg7 4. e4 Nf6 5. Be2 O-O 6. Bg5 Na6 7. Nf3 e5 8.
dxe5 dxe5 9. Qxd8 Rxd8 10. Nd5 Nxd5 11. Bxd8 Nf4 12. Bf1 Bg4 13. Be7 Bxf3 14.
gxf3 Re8 15. Ba3 Bf8 16. Bxf8 Kxf8 17. O-O-O Ke7 18. c5 Nxc5 19. Bc4 c6 20. b4
Nce6 21. Bxe6 Nxe6 22. Rd2 Rc8 23. Rhd1 Rc7 24. Kb1 h5 25. a4 b6 26. a5 Nd4
27. axb6 axb6 28. f4 Nb5 29. fxe5 Nc3+ 30. Kc2 Nxd1 31. Rxd1 Rd7 32. Re1 Ke6
33. f4 g5 34. fxg5 Kxe5 35. Rf1 Kxe4 36. Rf6 Kd5 37. Rh6 Rd6 38. Rxh5 Rg6 39.
h4 Ke5 40. Rh7 f6 41. Re7+ Kd6 42. gxf6 Rxf6 43. Re4 1/2-1/2

[Event "American Zonal 2_5 Open"]
[Site "Montevideo, URU"]
[Date "2013.04.21"]
[Round "4.8"]
[White "Carbone, Diego"]
[Black "El Ters, Antouan"]
[Result "1-0"]
[WhiteElo "2074"]
[BlackElo "2236"]

1. d4 d5 2. c4 e6 3. Nf3 Bb4+ 4. Bd2 Qe7 5. Qc2 Bxd2+ 6. Nbxd2 Nf6 7. g3 O-O
8. Bg2 c6 9. O-O Nbd7 10. e4 dxe4 11. Nxe4 Nxe4 12. Qxe4 Nf6 13. Qe2 b6 14.
Ne5 Bb7 15. Nxc6 Bxc6 16. Bxc6 Rad8 17. Rad1 Rd6 18. Bf3 Qd7 19. c5 Rxd4 20.
c6 Qd6 21. Rxd4 Qxd4 22. Rd1 Qc5 23. Qa6 e5 24. Qd3 g6 25. Qd2 e4 26. Rc1 Qe7
27. Bg2 Rc8 28. Qf4 Kg7 29. c7 Qe6 30. b3 h6 31. h4 Nd5 32. Qxe4 Qxe4 33.
Bxe4 Rxc7 34. Rxc7 Nxc7 35. f3 Nb5 36. a4 Nd4 37. Bd5 Kf6 38. Kf2 a5 39. g4 Nc2
40. Bc4 Ke7 41. Ke2 f5 42. Kd2 Nb4 43. gxf5 gxf5 44. Ke3 Nc2+ 45. Kd2 Nd4 46.
Ke3 Nc6 47. Bd5 Ne5 48. f4 Ng4+ 49. Kd4 Kd6 50. Bb7 Nf6 51. Bc8 Nh5 52. Bxf5
Nxf4 53. Ke4 Nd5 54. Kd4 Nf6 55. Kc4 Nd5 56. Be4 Nc7 57. Kd4 Ne6+ 58. Kc4
Ke5 59. Bc2 Nc7 60. h5 Nd5 61. Kb5 Kd4 62. Bg6 Kc3 63. Bf7 Nf4 64. Kxb6 Kb4 65.
Kc6 Nd3 66. Kd6 Nc5 67. Kc6 Nd3 68. Kd5 Nc5 69. Ke5 Nxb3 70. Be8 Nc5 71. Kf5
Nxa4 72. Kg6 Nc3 73. Kxh6 Nd5 74. Kg5 Nc7 75. Bf7 Nb5 76. h6 Nd6 77. Be6
Ne4+ 78. Kg6 Nc5 79. Bf5 a4 80. h7 a3 81. h8=Q Nb3 82. Be6 a2 83. Bxb3 1-0

[Event "American Zonal 2_5 Open"]
[Site "Montevideo, URU"]
[Date "2013.04.21"]
[Round "4.9"]
[White "Caceres Recalde, Fernando"]
[Black "Lopez Azambuja, Nicolas"]
[Result "0-1"]
[WhiteElo "2235"]
[BlackElo "2173"]

1. e4 e6 2. d4 d5 3. Nd2 Nf6 4. e5 Nfd7 5. Bd3 c5 6. c3 Nc6 7. Ngf3 g6 8. h4
h6 9. O-O Bg7 10. Re1 O-O 11. Nf1 cxd4 12. cxd4 f6 13. exf6 Qxf6 14. Be3 e5
15. Qb3 exd4 16. Qxd5+ Kh8 17. Bd2 Nde5 18. Be4 Nxf3+ 19. Bxf3 Qxh4 20. Qd6
Qf6 21. Qh2 Kh7 22. Ng3 Ne5 23. Rxe5 Qxe5 24. Re1 Qd6 25. Qh4 Qf6 26. Qe4 Bf5
27. Nxf5 gxf5 28. Qxb7 Rab8 29. Qxa7 Rxb2 30. Bf4 Qb6 31. Qxb6 Rxb6 32. Re7
Kh8 33. Rd7 Rb1+ 34. Kh2 Rb2 35. a4 Rd2 36. Bc6 Rc8 37. Rd6 Rxf2 38. Kg3 Rc2
39. Bf3 Ra2 40. Bxh6 Be5+ 41. Bf4 Bxd6 42. Bxd6 Rxa4 43. Kf4 d3+ 44. Ke3 Re8+
45. Kd2 Ra2+ 46. Kc3 Kg7 0-1

[Event "American Zonal 2_5 Open"]
[Site "Montevideo, URU"]
[Date "2013.04.21"]
[Round "4.10"]
[White "Izquierdo, Daniel"]
[Black "Granara Barreto, Sebastian A."]
[Result "1-0"]
[WhiteElo "2219"]
[BlackElo "2099"]

1. d4 Nf6 2. g3 e6 3. Bg2 d5 4. Nf3 c5 5. c4 Nc6 6. cxd5 Nxd5 7. O-O Be7 8.
Nc3 cxd4 9. Nxd5 exd5 10. Nxd4 O-O 11. Be3 Bf6 12. Rc1 Bxd4 13. Bxd4 Be6 14.
e3 Qd7 15. Bc3 Rad8 16. a3 Bh3 17. Bxh3 Qxh3 18. Qf3 Rd7 19. Rfd1 Rfd8 20. Rd2
Qe6 21. Rcd1 Ne5 22. Bxe5 Qxe5 23. Rd4 h6 24. h4 Rd6 25. Kg2 R6d7 26. R1d2
Rd6 27. Rf4 f6 28. h5 b6 29. Rdd4 Qe6 30. Rf5 R8d7 31. g4 Rd8 32. Qd1 Qd7 33.
Qb3 Kh8 34. Rff4 Qc6 35. Kg3 Qd7 36. Rd1 Qc7 37. Kh3 Qd7 38. Qd3 Qe6 39. Rd4
Qe5 40. Qf5 Qxf5 41. gxf5 Kg8 42. e4 Kf8 43. exd5 Re8 44. Kg4 Re2 45. R1d2
Re5 46. Kf4 Re7 47. f3 Re5 48. b4 Re7 49. Rc2 Red7 50. Rc8+ Kf7 51. Ke4 b5 52.
Rc5 a6 53. Rc6 Ke7 54. Rc8 Kf7 55. Ra8 Ke7 56. Rd3 Kf7 57. Rc8 Ke7 58. Rc5
Kf7 59. Kd4 Ke7 60. Re3+ 1-0

[Event "American Zonal 2_5 Open"]
[Site "Montevideo, URU"]
[Date "2013.04.21"]
[Round "4.12"]
[White "Hiriart, Guillermo"]
[Black "Arcos Facio, Mateo"]
[Result "0-1"]
[WhiteElo "2049"]
[BlackElo "2185"]

1. Nf3 g6 2. d4 Bg7 3. e4 d6 4. Bc4 e6 5. Qe2 Ne7 6. Bb3 h6 7. O-O Nd7 8. Re1
O-O 9. c3 b6 10. Bf4 e5 11. Be3 Kh7 12. Na3 Bb7 13. d5 f5 14. exf5 gxf5 15.
Rad1 Nf6 16. c4 Ng6 17. Bc2 Bc8 18. g3 Ng4 19. Bc1 e4 20. Nd4 Bxd4 21. Rxd4
N4e5 22. Qh5 Nf3+ 23. Kf1 Rf6 24. Bxh6 Nxd4 25. Be3+ Kg7 26. Bxd4 Ne5 27. Qg5+
Kf7 28. Bd1 Bd7 29. Bh5+ Kf8 30. f4 Rg6 31. Qxd8+ Rxd8 32. fxe5 Rh6 33. e6
Bxe6 34. dxe6 Rxh5 35. Bf6 Re8 36. e7+ Kf7 37. Bh4 c6 38. Rd1 Ke6 39. b4 a6
40. Kf2 Ke5 41. Nc2 Rxh4 42. gxh4 Rxe7 43. Rg1 Rh7 44. Rg8 Rxh4 45. Kg3 Rh6 46.
Re8+ Kf6 47. Ra8 d5 48. c5 bxc5 49. Rxa6 Ke5 50. b5 f4+ 51. Kg2 f3+ 52. Kg1
f2+ 53. Kf1 Rxh2 54. Ne3 Kf4 55. Ng2+ Kg4 56. b6 e3 57. Ke2 f1=Q+ 58. Kxf1
e2+ 59. Kxe2 Rxg2+ 60. Kd3 Rb2 61. Kc3 Rb1 62. a4 d4+ 63. Kc2 Rb4 64. a5 c4 65.
Ra8 c3 66. Rc8 Rb2+ 67. Kc1 d3 68. Rg8+ Kf4 69. Rf8+ Ke3 70. Re8+ Kd4 71.
Rd8+ Kc4 72. Rd6 d2+ 73. Kd1 Rb1+ 74. Ke2 Re1+ 75. Kf2 c2 76. b7 d1=Q 77. b8=Q
Rf1+ 78. Kg3 Qf3+ 79. Kh4 Rh1+ 0-1

[Event "American Zonal 2_5 Open"]
[Site "Montevideo, URU"]
[Date "2013.04.21"]
[Round "4.13"]
[White "Muniz, Rafael"]
[Black "Arias Bouzada, Jorge"]
[Result "1-0"]
[WhiteElo "2279"]
[BlackElo "2131"]

1. e4 c5 2. Nf3 Nc6 3. d4 cxd4 4. Nxd4 Nf6 5. Nc3 g6 6. Be3 Bg7 7. Bc4 O-O 8.
Bb3 Ng4 9. Qxg4 Nxd4 10. Qd1 Nxb3 11. axb3 b6 12. Bd4 d6 13. Bxg7 Kxg7 14.
O-O Bb7 15. Qd4+ Kg8 16. Rfd1 Qc7 17. Ra4 Bc6 18. Ra3 Qb7 19. Nd5 Rfc8 20. c3
Bxd5 21. Qxd5 Qxd5 22. Rxd5 Kf8 23. Ra6 Rc7 24. Kf1 Ke8 25. Ke2 Kd7 26. g4 h6
27. h4 Kc6 28. h5 e6 29. Rd4 g5 30. b4 e5 31. Rd5 Kb7 32. Ra1 Rd8 33. Rad1
Rcd7 34. c4 f6 35. b3 a6 36. Kd3 Kc7 37. Kc3 Kb7 38. R1d3 Kc7 39. Rf3 Rf7 40.
Rfd3 Rfd7 41. Kb2 Kb7 42. Rf3 Rf7 43. c5 b5 44. cxd6 Rdd7 45. Rc3 Rd8 46. Rf3
Rdd7 47. Kc2 Kc6 48. Rc3+ Kb7 49. Kd2 Rd8 50. Ke3 Rfd7 51. Rdc5 Rxd6 52.
Rc7+ Kb6 53. Rh7 Rd1 54. Rxh6 R8d6 55. Rg6 Rh1 56. Ke2 Rh4 57. Rf3 Rxg4 58.
Rfxf6 Rxe4+ 59. Kf3 1-0

[Event "American Zonal 2_5 Open"]
[Site "Montevideo, URU"]
[Date "2013.04.21"]
[Round "4.15"]
[White "Ibanez, Juan Rodrigo"]
[Black "Mesias Rojas, Rabindranath"]
[Result "1-0"]
[WhiteElo "2009"]
[BlackElo "2213"]

1. e4 e6 2. d4 d5 3. e5 c5 4. c3 Nc6 5. Nf3 Bd7 6. a3 Nge7 7. Bd3 cxd4 8.
cxd4 Qb6 9. Bc2 Nf5 10. Bxf5 exf5 11. O-O Be6 12. Nc3 Be7 13. b4 Rc8 14. Na4 Qd8
15. Nc5 b6 16. Nb3 g5 17. b5 Nb8 18. a4 f4 19. Ne1 Bf5 20. Bd2 Qd7 21. Rc1
Rc4 22. Rc3 O-O 23. Qa1 Rfc8 24. Rxc4 Rxc4 25. Nf3 Be4 26. e6 Qxe6 27. Ne5 Rc8
28. f3 Bc2 29. Re1 Bxb3 30. Nc6 Rxc6 31. bxc6 Qc8 32. Rxe7 Nxc6 33. Re1 Bc4
34. Bc3 Kg7 35. Qa3 Qd7 36. a5 Qf5 37. axb6 axb6 38. Re8 Qb1+ 39. Be1 Qd3 40.
Qf8+ Kg6 41. h4 Qxd4+ 42. Kh2 Qf6 43. Rc8 Bb5 44. Rc7 h6 45. h5+ Kxh5 46.
Rxf7 Qg6 47. Rf6 Ne5 48. Rxg6 Nxg6 49. Qf6 1-0

[Event "American Zonal 2_5 Open"]
[Site "Montevideo, URU"]
[Date "2013.04.21"]
[Round "4.16"]
[White "Muzzi, Eduardo"]
[Black "Ibar, Marcelo"]
[Result "1/2-1/2"]
[WhiteElo "2022"]
[BlackElo "2196"]

1. e4 e5 2. Nf3 Nc6 3. Bc4 Nf6 4. d3 Bc5 5. a4 d6 6. h3 Be6 7. Nbd2 Bxc4 8.
Nxc4 h6 9. O-O Qe7 10. c3 a5 11. Ne3 Bxe3 12. Bxe3 O-O 13. Nh4 Qe6 14. Nf5 Ne7
15. Nxe7+ Qxe7 16. f4 exf4 1/2-1/2

[Event "American Zonal 2_5 Open"]
[Site "Montevideo, URU"]
[Date "2013.04.21"]
[Round "4.17"]
[White "Jodorcovsky Werjivker, Paulo"]
[Black "Pinero, Ismael"]
[Result "1/2-1/2"]
[WhiteElo "2165"]
[BlackElo "1883"]

1. d4 Nf6 2. Nf3 g6 3. Bf4 Bg7 4. e3 d6 5. Be2 c5 6. c3 cxd4 7. exd4 O-O 8.
Nbd2 Nbd7 9. O-O Re8 10. Nc4 Nb6 11. h3 Be6 12. Ncd2 Rc8 13. Re1 Nh5 14. Bh2
Bh6 15. a4 a6 16. Bf1 Nf4 17. a5 Nbd5 18. Ne4 Bd7 19. Qb3 Nc7 20. Neg5 Nfe6
21. Nxe6 Bxe6 22. c4 Bg7 23. Bf4 h6 24. Ra4 Bd7 25. Rb4 Ne6 26. Be3 Qxa5 27. d5
Nc5 28. Bxc5 Rxc5 29. Rxb7 Rc7 30. Bd3 Bf6 31. Qb6 Qxb6 32. Rxb6 Ra8 33. Re2
1/2-1/2

[Event "American Zonal 2_5 Open"]
[Site "Montevideo, URU"]
[Date "2013.04.21"]
[Round "4.18"]
[White "Ibanez, Marcelo"]
[Black "Michailov, Matias"]
[Result "0-1"]
[WhiteElo "1879"]
[BlackElo "2158"]

1. e4 e6 2. Bb5 a6 3. Ba4 c5 4. c4 Nc6 5. Nc3 d6 6. f4 Nf6 7. Nf3 Be7 8.
Bxc6+ bxc6 9. h3 O-O 10. O-O Nd7 11. d3 Rb8 12. g4 Nb6 13. g5 f5 14. Qe2 Bd7 15.
Re1 Re8 16. Nh4 Bf8 17. Qh5 g6 18. Nxg6 hxg6 19. Qxg6+ Bg7 20. exf5 exf5 21.
Bd2 Rxe1+ 22. Rxe1 Qf8 23. h4 Qf7 24. Qxd6 Bd4+ 25. Kg2 Re8 26. g6 Qf6 27.
Rxe8+ Bxe8 28. Qb8 Qxg6+ 29. Kf1 Qh5 30. Ne2 Qf3+ 31. Ke1 Qh1+ 32. Ng1 Qxg1+
0-1

[Event "American Zonal 2_5 Open"]
[Site "Montevideo, URU"]
[Date "2013.04.21"]
[Round "4.21"]
[White "Lallana Yanez, Daniel"]
[Black "Garcia, Axel"]
[Result "1-0"]
[WhiteElo "1985"]
[BlackElo "1790"]

1. c4 Nf6 2. d4 c5 3. Nf3 e6 4. Nc3 d5 5. Bg5 cxd4 6. Nxd4 Be7 7. cxd5 Nxd5
8. Bxe7 Qxe7 9. Nxd5 exd5 10. e3 O-O 11. Rc1 Be6 12. Bd3 Na6 13. Bxa6 bxa6 14.
Qe2 Qb4+ 15. Qd2 Qb7 16. O-O Rfc8 17. Nb3 Rab8 18. Rfd1 Rxc1 19. Rxc1 Qe7
20. Qa5 Rb6 21. Qc3 h6 22. Nd4 Qg5 23. f4 Qg4 24. b3 Bf5 25. h3 Qg6 26. Nxf5
Qxf5 27. Qc8+ Qxc8 28. Rxc8+ Kh7 29. Rc7 Kg6 30. Kf2 Kf6 31. h4 Ke6 32. g4 Rd6
33. Ke2 g6 34. Kd3 f5 35. g5 hxg5 36. hxg5 d4 37. exd4 Kd5 38. Rc5+ Ke6 39.
Re5+ Kd7 40. d5 Rb6 41. Kc4 Rd6 42. b4 Rb6 43. a4 Rd6 44. Kc5 Rb6 45. Re1 a5
46. b5 Rb8 47. Re6 Rc8+ 48. Rc6 Re8 49. Ra6 Re4 50. Rxa7+ Kc8 51. Rxa5 Rxf4
52. b6 Rf1 53. Kc6 Rc1+ 54. Rc5 Ra1 55. a5 f4 56. d6 f3 57. d7+ Kd8 58. b7 Rb1
59. a6 f2 60. a7 f1=Q 61. b8=Q+ Ke7 62. Qe8# 1-0

[Event "American Zonal 2_5 Open"]
[Site "Montevideo, URU"]
[Date "2013.04.22"]
[Round "5.1"]
[White "Flores, Diego"]
[Black "Alonso, Salvador"]
[Result "1/2-1/2"]
[WhiteElo "2600"]
[BlackElo "2521"]

1. c4 c5 2. g3 Nc6 3. Bg2 g6 4. e3 Bg7 5. Ne2 e6 6. Nbc3 Nge7 7. O-O O-O 8.
d4 cxd4 9. Nxd4 Nxd4 10. exd4 d5 11. cxd5 Nxd5 12. Qb3 Qb6 13. Nxd5 exd5 14.
Be3 Be6 15. Bxd5 Bxd5 16. Qxd5 Rfd8 17. Qc5 Bxd4 18. Bxd4 Rxd4 19. Qxb6 axb6
20. Rfe1 Rd2 21. Re7 Rxb2 22. Rxb7 Rd8 23. a4 Rdd2 24. Rf1 Rd5 25. Re7 Rb4 26.
Rb7 Ra5 27. Re1 Rb2 28. Re8+ Kg7 29. Ree7 Rf5 30. f4 Kf8 31. Red7 Kg8 32.
Rd8+ Kg7 33. Rdd7 Kg8 34. Rd8+ Kg7 1/2-1/2

[Event "American Zonal 2_5 Open"]
[Site "Montevideo, URU"]
[Date "2013.04.22"]
[Round "5.2"]
[White "Vasquez Schroeder, Rodrigo"]
[Black "Felgaer, Ruben"]
[Result "1/2-1/2"]
[WhiteElo "2547"]
[BlackElo "2585"]

1. d4 d5 2. c4 c6 3. Nf3 Nf6 4. Nc3 dxc4 5. a4 Bf5 6. e3 e6 7. Bxc4 Bb4 8.
O-O O-O 9. Qe2 Bg6 10. Ne5 Nbd7 11. Nxg6 hxg6 12. Rd1 Qa5 13. Na2 Be7 14. Bd2
Qc7 15. b4 e5 16. a5 Bd6 17. g3 exd4 18. exd4 Rae8 19. Qf3 Ne4 20. Be3 Ndf6
21. Rac1 Qe7 22. b5 1/2-1/2

[Event "American Zonal 2_5 Open"]
[Site "Montevideo, URU"]
[Date "2013.04.22"]
[Round "5.3"]
[White "Bachmann, Axel"]
[Black "Izquierdo, Daniel"]
[Result "1-0"]
[WhiteElo "2529"]
[BlackElo "2219"]

1. Nf3 d6 2. d4 Nf6 3. c4 g6 4. Nc3 Bg7 5. g3 O-O 6. Bg2 Nc6 7. O-O a6 8. b3
Rb8 9. Bb2 b5 10. cxb5 axb5 11. Rc1 Bd7 12. d5 Nb4 13. a3 Na6 14. b4 c5 15.
dxc6 Bxc6 16. Nd4 Bxg2 17. Kxg2 Qd7 18. f3 Nc7 19. e4 e5 20. Nb3 Qe6 21. Na5
d5 22. exd5 Ncxd5 23. Nxd5 Nxd5 24. Re1 Rfc8 25. Qd3 Rxc1 26. Bxc1 Rc8 27. Rd1
Nf6 28. Re1 e4 29. fxe4 Ng4 30. Bf4 Ne5 31. Qd2 Nf3 32. Kxf3 Bc3 33. Qe2
Bxe1 34. Qxe1 Rc2 35. Qd1 Rc3+ 36. Kf2 Qxe4 37. Qd8+ Kg7 38. Bh6+ Kxh6 39. Qd2+
g5 40. Qxc3 f5 41. Qc6+ 1-0

[Event "American Zonal 2_5 Open"]
[Site "Montevideo, URU"]
[Date "2013.04.22"]
[Round "5.4"]
[White "Rodriguez Vila, Andres"]
[Black "Almiron, Antonio"]
[Result "0-1"]
[WhiteElo "2503"]
[BlackElo "2194"]

1. f4 d5 2. Nf3 Nh6 3. b3 Nf5 4. e3 g6 5. Be2 Bg7 6. c3 c5 7. O-O O-O 8. Qe1
Nd7 9. g4 Nd6 10. d4 cxd4 11. cxd4 Nf6 12. Ne5 Nfe4 13. Ba3 f6 14. Nd3 Bd7
15. Nb4 e5 16. Nxd5 exd4 17. Nd2 Re8 18. Nxe4 Nxe4 19. Rd1 f5 20. gxf5 Bxf5 21.
Qb4 Kh8 22. Rxd4 a5 23. Qa4 b5 24. Bxb5 Qh4 25. Be2 Ng3 26. Rf2 Nxe2+ 27.
Rxe2 Bh3 28. Rf2 Qg4+ 29. Kh1 Re4 30. Bc5 Rc8 31. Ne7 Rxe3 32. Qxa5 Rxe7 33.
Qd2 Ree8 34. f5 Bxd4 35. Bxd4+ Kg8 36. Rf4 Qe2 0-1

[Event "American Zonal 2_5 Open"]
[Site "Montevideo, URU"]
[Date "2013.04.22"]
[Round "5.5"]
[White "Salinas Herrera, Pablo"]
[Black "Carbone, Diego"]
[Result "1-0"]
[WhiteElo "2401"]
[BlackElo "2074"]

1. e4 c5 2. Nf3 e6 3. d4 cxd4 4. Nxd4 Nc6 5. Nb5 d6 6. c4 Nf6 7. N1c3 a6 8.
Na3 Be7 9. Be2 O-O 10. O-O b6 11. Be3 Bb7 12. Qb3 Nd7 13. Rfd1 Qc7 14. Rd2 Nc5
15. Qd1 Nb4 16. f3 Rfe8 17. Bf4 Rad8 18. Rc1 Qb8 19. Nab1 Nc6 20. a3 Ne5 21.
Be3 Rc8 22. Kh1 Ncd7 23. b3 Bc6 24. Qf1 Bd8 25. Rcd1 Bc7 26. Na2 Kh8 27. Nb4
Bb7 28. Bf2 Nc5 29. Rb2 Rg8 30. Nc3 g5 31. Bd4 Ncd7 32. Nd3 Rg6 33. Nxe5
dxe5 34. Bg1 Nf6 35. c5 b5 36. b4 Nh5 37. Qe1 Bc6 38. a4 Nf4 39. axb5 axb5 40.
Bf1 Rgg8 41. Ra2 Rcd8 42. Rxd8 Rxd8 43. Rd2 Rg8 44. g3 Ng6 45. Qe2 g4 46. fxg4
Qb7 47. Bg2 Ra8 48. Qf3 Kg8 49. h4 Bd8 50. Be3 Be7 51. g5 Ra3 52. Nd1 Rb3
53. Rb2 Rd3 54. Nf2 Rd7 55. Ng4 Bd8 56. h5 Qa7 57. Nh6+ Kf8 58. Rf2 Nh8 59. Ng4
Qa3 60. g6 Qxb4 61. Bh6+ Kg8 62. Nf6+ Bxf6 63. Qxf6 1-0

[Event "American Zonal 2_5 Open"]
[Site "Montevideo, URU"]
[Date "2013.04.22"]
[Round "5.6"]
[White "Arcos Facio, Mateo"]
[Black "Vazquez, Guillermo"]
[Result "1/2-1/2"]
[WhiteElo "2185"]
[BlackElo "2351"]

1. e4 c5 2. Nf3 d6 3. d4 cxd4 4. Nxd4 Nf6 5. Nc3 a6 6. Be2 e5 7. Nb3 Be7 8.
Be3 O-O 9. O-O Be6 10. Nd5 Nbd7 11. Qd3 Bxd5 12. exd5 Nc5 13. Nxc5 dxc5 14.
Bf3 Bd6 15. Bg5 h6 16. Bh4 g5 17. Bg3 Qd7 18. h3 Rae8 19. Rfe1 Nh7 20. Bh5 Re7
21. f3 f5 22. Bf2 Kg7 23. c4 Nf6 24. g4 e4 25. Qa3 Qc8 26. Rad1 f4 27. fxe4
Nxh5 28. e5 Rxe5 29. Qc3 Rfe8 30. gxh5 Qf5 31. Qf3 Re4 32. b3 Kf7 33. Kg2 b5
34. Rxe4 Rxe4 35. Qg4 Kf6 36. Qxf5+ Kxf5 37. cxb5 axb5 38. Kf3 Re8 39. Rc1 c4
40. bxc4 bxc4 41. Rxc4 Ra8 42. Rc3 Rxa2 43. Rd3 Rc2 44. Bg1 Ra2 45. Bf2 Rc2
46. Bg1 1/2-1/2

[Event "American Zonal 2_5 Open"]
[Site "Montevideo, URU"]
[Date "2013.04.22"]
[Round "5.7"]
[White "Lopez Azambuja, Nicolas"]
[Black "Mareco, Sandro"]
[Result "0-1"]
[WhiteElo "2173"]
[BlackElo "2580"]

1. d4 e6 2. c4 Bb4+ 3. Bd2 a5 4. Nf3 Nf6 5. Nc3 d5 6. e3 O-O 7. cxd5 exd5 8.
a3 Bd6 9. Bd3 Re8 10. h3 c6 11. Qc2 Qe7 12. Rb1 Ne4 13. O-O Bf5 14. Nh2 Nd7
15. Rbe1 Qg5 16. f4 Qg3 17. Bxe4 dxe4 18. Ne2 Qh4 19. Rc1 Qd8 20. Rfd1 Be6 21.
Nf1 Nb6 22. Nfg3 f5 23. Nc3 a4 24. Re1 Qd7 25. Qd1 Qf7 26. Rb1 Bc4 27. Bc1
Rad8 28. Qh5 g6 29. Qd1 Be7 30. Qd2 c5 31. Qf2 cxd4 32. exd4 Bd3 33. Ra1 Bf6
34. Be3 Nc4 35. Nge2 Nxb2 36. Nc1 Nc4 37. Nxd3 exd3 0-1